|
|
|
|
| LEADER |
00000nab a2200000 a 4500 |
| 001 |
vtls009473215 |
| 003 |
SK-MaSNL |
| 005 |
20260303053415.0 |
| 008 |
090216 19731002xo |00 0 slo |
| 015 |
|
|
|a SNBRB1973
|
| 040 |
|
|
|a SNKBUCL
|b slo
|c SNKBUCL
|e AACR2
|
| 041 |
0 |
|
|a slo
|
| 044 |
|
|
|a xo
|c SK
|
| 080 |
|
|
|a 796.966
|2 1997
|
| 080 |
|
|
|a 061.25
|x (437.6)
|2 1997
|
| 080 |
|
|
|a 061.3
|2 1997
|
| 245 |
0 |
0 |
|a Súťaže, komisie, školenia
|b (zo zasadnutia predsedníctva SZĽH)
|c [autor] (štl)
|
| 610 |
2 |
7 |
|a Slovenský zväz ľadového hokeja.
|b Predsedníctvo
|2 snkbucl
|9 1038328
|
| 648 |
|
7 |
|a 1973
|2 snkbucl
|9 282428
|
| 650 |
0 |
7 |
|a zasadanie
|2 snkbucl
|9 280253
|
| 773 |
0 |
|
|t Šport
|g (2.10.1973), s. 3
|
| 999 |
|
|
|c 1719084
|d 1721014
|